000 00369nam a22001577a 4500
003 MPLRDC
005 20220104143346.0
008 210129b ||||| |||| 00| 0 eng d
082 _a292 QYBL c.2
100 _a浅野八郎
245 _a占卜的技巧
_c江乡村译
260 _a
_b文新书屋
_c
300 _b
650 _a占卜
942 _cBK
_o292 QYBL c.2
999 _c39138
_d39128